[Event "VIE-ch U07"]
[Site "Ho Chi Minh City"]
[Date "2014.07.17"]
[Round "7"]
[White "Bui, Huy Phuoc"]
[Black "Pham, Phu Minh"]
[Result "0-1"]
[WhiteElo "1375"]
[BlackElo "1384"]
[PlyCount "38"]
[EventDate "2014.07.13"]
[EventType "swiss"]
[EventRounds "9"]
[EventCountry "VIE"]
[SourceTitle "EXT 2016"]
[Source "ChessBase"]
[SourceDate "2015.10.08"]
[SourceVersion "1"]
[SourceVersionDate "2015.10.08"]
[SourceQuality "1"]

1. e4 e5 2. Bc4 Nf6 3. d3 Bc5 4. Nf3 Nc6 5. 0-0 0-0 6. Bg5 d6 7. h3 Na5 8. Bd5 c6 9. Bb3 Nxb3 10. axb3 Re8 11. Nc3 h6 12. Bh4 Bd7 13. Kh1 Be6 14. Re1 a6 15. Qe2 b5 16. Nh2 a5 17. Qf3 Ng4 18. Bxd8 Nxf2+ 19. Kg1 Nxd3+ 0-1

[Event "VIE-ch U07"]
[Site "Ho Chi Minh City"]
[Date "2014.07.17"]
[Round "8"]
[White "Pham, Phu Minh"]
[Black "Nguyen, Tri Thinh"]
[Result "0-1"]
[WhiteElo "1384"]
[BlackElo "1369"]
[PlyCount "44"]
[EventDate "2014.07.13"]
[EventType "swiss"]
[EventRounds "9"]
[EventCountry "VIE"]
[SourceTitle "EXT 2016"]
[Source "ChessBase"]
[SourceDate "2015.10.08"]
[SourceVersion "1"]
[SourceVersionDate "2015.10.08"]
[SourceQuality "1"]

1. e4 e5 2. Nf3 Nc6 3. Bc4 Bc5 4. c3 Nf6 5. d4 exd4 6. cxd4 Bb4+ 7. Bd2 Bxd2+ 8. Nbxd2 d5 9. exd5 Nxd5 10. Qb3 Na5 11. Qa4+ c6 12. b4 Nxc4 13. Nxc4 b5 14. Qa5 bxc4 15. Qxd8+ Kxd8 16. 0-0 Kc7 17. Rab1 Bf5 18. Rb2 c3 19. Rb3 Rhe8 20. Re1 Rxe1+ 21. Nxe1 c2 22. Rf3 Re8 0-1

[Event "VIE-ch U07"]
[Site "Ho Chi Minh City"]
[Date "2014.07.16"]
[Round "6"]
[White "Pham, Phu Minh"]
[Black "Le, Phi Lan"]
[Result "1-0"]
[WhiteElo "1384"]
[BlackElo "1389"]
[PlyCount "50"]
[EventDate "2014.07.13"]
[EventType "swiss"]
[EventRounds "9"]
[EventCountry "VIE"]
[SourceTitle "EXT 2016"]
[Source "ChessBase"]
[SourceDate "2015.10.08"]
[SourceVersion "1"]
[SourceVersionDate "2015.10.08"]
[SourceQuality "1"]

1. e4 e5 2. Nf3 Nc6 3. Bc4 Bc5 4. c3 Nf6 5. d3 d6 6. 0-0 0-0 7. Bg5 Bg4 8. Nbd2 h6 9. Bh4 a6 10. h3 Bh5 11. Bb3 b5 12. Re1 Rb8 13. Nf1 b4 14. c4 Nd4 15. N1d2 Nxb3 16. axb3 Rb6 17. Nf1 Qe7 18. Ng3 Bg6 19. d4 exd4 20. Nxd4 Qe5 21. Nf3 Qxb2 22. Rb1 Qa2 23. Re2 Qxe2 24. Qxe2 a5 25. Bxf6 gxf6 1-0